000 01223nas a2200313 c 4500
999 _c295819
_d295819
003 BLK
005 20250715124112.0
008 180413b bul rap|r|||| |0| c1bulo|
010 _aPRD00006472001
022 _a0204-6962
022 _a9770204696002
040 _aBLK
041 _aBUL
_cBUL
080 _aЛитература на отделни езици и езикови семейства
_b821
_z821
110 1 _aКК Труд
_eРед. кол.: Владимир Зарев - глав. ред. и др.
_9361179
245 1 0 _aСЪВРЕМЕННИК
_bСписание за лит. и изкуство
_cКК Труд ; Ред. кол.: Владимир Зарев - глав. ред. и др.
_fНачална год. на издаване: Год. 1, № 1 (1973),
_nот тяло:101 до тяло:163
257 _aBGR
260 _bТруд
_c1971
_fАрианс принт ЕООД
300 _c23
380 _aX
852 _aА 2179
856 _qpdf
_u
856 _qpdf
_u
942 _cJOU
_n0
_s1
_05
944 _aCR
_cВася_Ганчева
_k30558
_lВаля Йорданова
944 _aED
_cЛюбомир_Делиганев
_k30.03.2018
999 _d295819
999 _d295819